| 000 | 00000nam##2200000za#4500 |
| 001 | 9.568400 |
| 003 | CaOODSP |
| 005 | 20210624181243 |
| 007 | cr ||||||||||| |
| 008 | 150406|2001||||xxc|||||o f|0| 0 eng|d |
| 040 | |aCaOODSP|beng |
| 043 | |an-cn--- |
| 086 | 1 |aBT31-2/2002-III-33E-PDF |
| 110 | 1 |aCanada. |bTreasury Board. |
| 245 | 10|aOffice of the Chief Electoral Office, 2001-2002 estimates, a report on plans and priorities |h[electronic resource] |
| 260 | |aOttawa - Ontario : |bTreasury Board of Canada Secretariat |cc2001. |
| 300 | |a26p.|borganization chart, tables, index |
| 490 | 1 |a2001-2002 estimates. Part III, Report on plans and priorities |v2001-2002 |
| 500 | |aThe catalogue number (BT31-2/2002-III-33) and ISBN (0-660-61471-5) for the bilingual print edition have been incorrectly copied in this electronic publication. |
| 590 | |a10-11-Supp|b2010-11-10 |
| 775 | 08|tBureau du directeur général des élections, budget des dépenses 2001-2002, un rapport sur les plans et les priorités |w(CaOODSP)9.599689 |
| 776 | 0#|tOffice of the Chief Electoral Officer |w(CaOODSP)9.534374 |
| 776 | 0#|tBureau du directeur général des élections |w(CaOODSP)9.534375 |
| 830 | #0|a2001-2002 estimates. Part III, Report on plans and priorities ;|v2001-2002|w(CaOODSP)9.506174 |
| 856 | 40|ahttp://publications.gc.ca|qPDF|s383 KB|uhttps://publications.gc.ca/collections/Collection/BT31-2-2002-III-33E.pdf|y2001-2002 |